[Event "EYCC 2024 - G16"]
[Site "?"]
[Date "2024.08.31"]
[Round "9.1"]
[White "Sikorova, Jana"]
[Black "Mykhailets, Polina"]
[Result "0-1"]
[BlackElo "1907"]
[WhiteElo "1790"]
[LiveChessVersion "1.4.8"]

1. d4 {[%clk 1:30:58]} e6 {[%clk 1:30:54]} 2. c4 {[%clk 1:31:24]} Nf6
{[%clk 1:31:20]} 3. Nf3 {[%clk 1:31:47]} b6 {[%clk 1:31:43]} 4. a3
{[%clk 1:32:01]} Bb7 {[%clk 1:32:05]} 5. Nc3 {[%clk 1:32:26]} d5 {[%clk 1:32:29]}
6. Bg5 {[%clk 1:32:44]} h6 {[%clk 1:32:31]} 7. Bh4 {[%clk 1:33:01]} Be7
{[%clk 1:32:51]} 8. e3 {[%clk 1:33:01]} Nbd7 {[%clk 1:32:49]} 9. Rc1
{[%clk 1:32:21]} O-O {[%clk 1:32:47]} 10. cxd5 {[%clk 1:31:54]} exd5
{[%clk 1:32:38]} 11. Bd3 {[%clk 1:31:47]} c5 {[%clk 1:32:05]} 12. O-O
{[%clk 1:31:18]} Re8 {[%clk 1:31:39]} 13. Qc2 {[%clk 1:29:32]} Nf8
{[%clk 1:25:12]} 14. Bb5 {[%clk 1:25:39]} N6d7 {[%clk 1:23:48]} 15. Bxe7
{[%clk 1:23:29]} Rxe7 {[%clk 1:23:39]} 16. Rfd1 {[%clk 1:21:48]} Nf6
{[%clk 1:22:23]} 17. Bd3 {[%clk 1:17:44]} Rc8 {[%clk 1:19:45]} 18. Bf5
{[%clk 1:16:32]} Ne6 {[%clk 1:19:02]} 19. dxc5 {[%clk 1:15:08]} bxc5
{[%clk 1:18:25]} 20. Na4 {[%clk 1:11:34]} d4 {[%clk 1:15:20]} 21. Bxe6
{[%clk 1:06:31]} Rxe6 {[%clk 1:14:48]} 22. Nxc5 {[%clk 1:00:26]} Bxf3
{[%clk 1:10:06]} 23. gxf3 {[%clk 0:59:00]} Qd5 {[%clk 1:08:10]} 24. Rxd4
{[%clk 0:57:21]} Qg5+ {[%clk 1:00:48]} 25. Kh1 {[%clk 0:56:36]} Qh5
{[%clk 1:00:38]} 26. Rf4 {[%clk 0:51:17]} Re5 {[%clk 0:59:54]} 27. b4
{[%clk 0:47:56]} Qh3 {[%clk 0:58:20]} 28. Qe2 {[%clk 0:46:38]} Rh5
{[%clk 0:58:09]} 0-1

[Event "EYCC 2024 - G16"]
[Site "?"]
[Date "2024.08.31"]
[Round "9.2"]
[White "Zadrapova, Amalie"]
[Black "Szarvas, Nora"]
[Result "0-1"]
[BlackElo "1850"]
[WhiteElo "1894"]
[LiveChessVersion "1.4.8"]

1. e4 {[%clk 1:30:57]} c5 {[%clk 1:30:42]} 2. Nf3 {[%clk 1:31:20]} d6
{[%clk 1:31:07]} 3. d4 {[%clk 1:31:44]} cxd4 {[%clk 1:31:33]} 4. Nxd4
{[%clk 1:32:08]} Nf6 {[%clk 1:31:56]} 5. Nc3 {[%clk 1:32:32]} a6 {[%clk 1:32:19]}
6. Be3 {[%clk 1:32:56]} e5 {[%clk 1:32:43]} 7. Nf3 {[%clk 1:33:11]} Be7
{[%clk 1:33:07]} 8. Bc4 {[%clk 1:32:59]} O-O {[%clk 1:28:20]} 9. O-O
{[%clk 1:31:21]} Be6 {[%clk 1:27:21]} 10. Bb3 {[%clk 1:31:30]} b5
{[%clk 1:18:36]} 11. Re1 {[%clk 1:30:45]} Nc6 {[%clk 1:12:04]} 12. Nd5
{[%clk 1:29:59]} Bxd5 {[%clk 1:11:30]} 13. exd5 {[%clk 1:28:41]} Na5
{[%clk 1:10:20]} 14. Nd2 {[%clk 1:20:28]} Rc8 {[%clk 1:06:44]} 15. a4
{[%clk 1:14:16]} b4 {[%clk 1:02:54]} 16. Ba2 {[%clk 1:12:41]} Qc7
{[%clk 0:59:43]} 17. Rc1 {[%clk 1:11:45]} Qb7 {[%clk 0:59:34]} 18. Qf3
{[%clk 1:07:51]} Qd7 {[%clk 0:53:58]} 19. b3 {[%clk 0:59:08]} Bd8
{[%clk 0:36:34]} 20. Red1 {[%clk 0:53:08]} Ng4 {[%clk 0:31:26]} 21. Qe2
{[%clk 0:40:39]} Nxe3 {[%clk 0:27:50]} 22. fxe3 {[%clk 0:40:45]} Qa7
{[%clk 0:26:23]} 23. Re1 {[%clk 0:39:15]} Rc3 {[%clk 0:26:03]} 24. Kh1
{[%clk 0:37:19]} Bh4 {[%clk 0:23:52]} 25. g3 {[%clk 0:35:37]} Bg5
{[%clk 0:24:08]} 26. Nf1 {[%clk 0:34:38]} Qc5 {[%clk 0:21:30]} 27. Red1
{[%clk 0:31:33]} Rc8 {[%clk 0:18:02]} 28. Qxa6 {[%clk 0:30:08]} Bxe3
{[%clk 0:15:05]} 29. Nxe3 {[%clk 0:28:30]} Qxe3 {[%clk 0:14:17]} 30. Qf1
{[%clk 0:21:55]} Qe4+ {[%clk 0:13:18]} 31. Kg1 {[%clk 0:22:15]} Rxc2
{[%clk 0:13:05]} 32. Rxc2 {[%clk 0:22:12]} Rxc2 {[%clk 0:13:12]} 33. Bb1
{[%clk 0:22:12]} Qe3+ {[%clk 0:13:37]} 34. Kh1 {[%clk 0:22:13]} Rf2
{[%clk 0:12:44]} 35. Qd3 {[%clk 0:21:59]} Qxd3 {[%clk 0:12:00]} 36. Bxd3
{[%clk 0:22:24]} Rb2 {[%clk 0:10:38]} 37. Rc1 {[%clk 0:22:37]} g6
{[%clk 0:10:54]} 38. Rc8+ {[%clk 0:18:36]} Kg7 {[%clk 0:11:20]} 39. Rb8
{[%clk 0:14:57]} Rxb3 {[%clk 0:09:54]} 40. Rb5 {[%clk 0:13:49]} Rxd3
{[%clk 0:10:11]} 41. Rxa5 {[%clk 0:14:10]} b3 {[%clk 0:08:26]} 42. Rb5
{[%clk 0:14:15]} b2 {[%clk 0:05:57]} 43. Rxb2 {[%clk 0:14:39]} Rxd5
{[%clk 0:06:24]} 44. Kg2 {[%clk 0:14:20]} Kf6 {[%clk 0:06:16]} 45. Ra2
{[%clk 0:14:37]} Ra5 {[%clk 0:06:38]} 46. Kf3 {[%clk 0:14:56]} Ke6
{[%clk 0:07:03]} 47. Ke3 {[%clk 0:14:07]} d5 {[%clk 0:07:12]} 48. Kd3
{[%clk 0:14:17]} f5 {[%clk 0:07:15]} 49. Kc3 {[%clk 0:14:27]} d4+
{[%clk 0:06:54]} 50. Kb4 {[%clk 0:14:39]} Ra8 {[%clk 0:07:16]} 51. a5
{[%clk 0:14:37]} Kd5 {[%clk 0:07:09]} 52. a6 {[%clk 0:14:57]} d3 {[%clk 0:07:26]}
53. Kc3 {[%clk 0:14:24]} Ke4 {[%clk 0:07:39]} 54. Kd2 {[%clk 0:13:43]} Kf3
{[%clk 0:07:08]} 55. Kxd3 {[%clk 0:13:25]} e4+ {[%clk 0:07:29]} 56. Kd2
{[%clk 0:13:40]} e3+ {[%clk 0:07:53]} 57. Ke1 {[%clk 0:13:40]} g5
{[%clk 0:07:34]} 58. a7 {[%clk 0:13:15]} f4 {[%clk 0:07:51]} 59. gxf4
{[%clk 0:11:40]} gxf4 {[%clk 0:08:10]} 60. Ra3 {[%clk 0:11:17]} h5
{[%clk 0:08:16]} 61. h4 {[%clk 0:10:10]} Kg2 {[%clk 0:06:01]} 62. Ra2+
{[%clk 0:09:45]} Kg3 {[%clk 0:06:22]} 63. Kf1 {[%clk 0:04:07]} f3
{[%clk 0:06:33]} 64. Ra3 {[%clk 0:01:37]} e2+ {[%clk 0:06:35]} 65. Ke1
{[%clk 0:02:04]} Kg2 {[%clk 0:06:59]} 66. Ra1 {[%clk 0:02:22]} f2+
{[%clk 0:06:59]} 67. Kxe2 {[%clk 0:02:22]} Re8+ {[%clk 0:07:13]} 68. Kd2
{[%clk 0:02:18]} f1=Q {[%clk 0:07:32]} 69. a8=Q+ Rxa8 {[%clk 0:07:53]} 70. Rxa8
{[%clk 0:03:05]} Qf4+ {[%clk 0:08:10]} 0-1

[Event "EYCC 2024 - G16"]
[Site "?"]
[Date "2024.08.31"]
[Round "9.3"]
[White "Chendighilean, Anna"]
[Black "Nuriyeva, Nurtan"]
[Result "1/2-1/2"]
[BlackElo "1891"]
[WhiteElo "1835"]
[LiveChessVersion "1.4.8"]

1. d4 {[%clk 1:30:59]} d5 {[%clk 1:30:40]} 2. c4 {[%clk 1:31:24]} e6
{[%clk 1:31:01]} 3. Nf3 {[%clk 1:31:41]} Nf6 {[%clk 1:31:23]} 4. e3
{[%clk 1:31:13]} Be7 {[%clk 1:31:41]} 5. b3 {[%clk 1:30:39]} O-O {[%clk 1:32:01]}
6. Bd3 {[%clk 1:30:01]} b6 {[%clk 1:32:14]} 7. O-O {[%clk 1:29:31]} Nbd7
{[%clk 1:31:56]} 8. Bb2 {[%clk 1:28:06]} Bb7 {[%clk 1:30:07]} 9. Nbd2
{[%clk 1:24:47]} h6 {[%clk 1:29:55]} 10. Qe2 {[%clk 1:20:47]} Ne4
{[%clk 1:26:04]} 11. cxd5 {[%clk 1:16:52]} Nxd2 {[%clk 1:25:32]} 12. Qxd2
{[%clk 1:11:14]} exd5 {[%clk 1:25:44]} 13. Rac1 {[%clk 1:10:24]} Bd6
{[%clk 1:22:03]} 14. h3 {[%clk 0:59:12]} Rc8 {[%clk 1:17:58]} 15. Bb1
{[%clk 0:54:15]} Qe7 {[%clk 1:17:04]} 16. Rfd1 {[%clk 0:52:46]} g6
{[%clk 1:14:12]} 17. Qc3 {[%clk 0:46:23]} Kh7 {[%clk 1:08:45]} 18. Ne5
{[%clk 0:44:10]} f5 {[%clk 1:04:39]} 19. Bd3 {[%clk 0:38:09]} Bxe5
{[%clk 0:48:31]} 20. dxe5 {[%clk 0:37:41]} Qe6 {[%clk 0:48:09]} 21. h4
{[%clk 0:31:14]} Rf7 {[%clk 0:44:19]} 22. Qd4 {[%clk 0:28:36]} c5
{[%clk 0:37:53]} 23. Qf4 {[%clk 0:27:18]} Re8 {[%clk 0:32:53]} 24. Bb5
{[%clk 0:25:50]} a6 {[%clk 0:32:56]} 25. Bxd7 {[%clk 0:24:36]} Rxd7
{[%clk 0:32:51]} 26. f3 {[%clk 0:23:33]} Rg8 {[%clk 0:29:12]} 27. Kf2
{[%clk 0:22:28]} Bc6 {[%clk 0:26:37]} 28. Rg1 {[%clk 0:20:35]} Rf7
{[%clk 0:25:48]} 29. Rcd1 {[%clk 0:15:56]} Rc8 {[%clk 0:24:27]} 30. Bc1
{[%clk 0:12:39]} h5 {[%clk 0:23:11]} 31. Rh1 {[%clk 0:06:51]} Kg8
{[%clk 0:23:16]} 32. Qg5 {[%clk 0:05:09]} Be8 {[%clk 0:21:55]} 33. Rd2
{[%clk 0:04:30]} Bc6 {[%clk 0:20:37]} 34. f4 {[%clk 0:03:25]} Bb7
{[%clk 0:18:44]} 35. Rh3 {[%clk 0:02:32]} Kh7 {[%clk 0:17:49]} 36. Bb2
{[%clk 0:01:23]} a5 {[%clk 0:13:48]} 37. Rh1 {[%clk 0:01:15]} Kg8
{[%clk 0:10:23]} 38. Rc1 {[%clk 0:00:43]} Rfc7 {[%clk 0:09:34]} 39. Qf6
{[%clk 0:00:43]} Qxf6 {[%clk 0:08:49]} 40. exf6 {[%clk 0:01:12]} Kf7
{[%clk 0:08:59]} 41. Be5 {[%clk 0:01:28]} Rd7 {[%clk 0:09:21]} 42. Rdc2
{[%clk 0:01:45]} Re8 {[%clk 0:09:27]} 43. Rd1 {[%clk 0:01:13]} Bc6
{[%clk 0:07:38]} 44. Kg3 {[%clk 0:01:15]} Re6 {[%clk 0:07:43]} 45. Rc3
{[%clk 0:00:41]} Re8 {[%clk 0:07:29]} 46. Rd2 {[%clk 0:00:41]} Ke6
{[%clk 0:07:51]} 47. Kf2 {[%clk 0:00:42]} Bb7 {[%clk 0:07:11]} 48. Rc1
{[%clk 0:00:49]} Rc8 {[%clk 0:07:22]} 49. a4 {[%clk 0:00:39]} Kf7
{[%clk 0:07:10]} 50. Rdc2 {[%clk 0:00:43]} Re8 {[%clk 0:07:14]} 51. Kg3
{[%clk 0:00:35]} Re6 {[%clk 0:07:31]} 52. Rd2 {[%clk 0:00:39]} Rd8
{[%clk 0:06:00]} 53. Rcd1 {[%clk 0:00:34]} Rd7 {[%clk 0:05:44]} 54. Rd3
{[%clk 0:00:47]} Bc6 {[%clk 0:06:01]} 55. R3d2 {[%clk 0:00:41]} Rxf6
{[%clk 0:04:06]} 56. Bxf6 {[%clk 0:00:45]} Kxf6 {[%clk 0:04:35]} 57. Rc1
{[%clk 0:01:08]} Re7 {[%clk 0:04:51]} 58. Kf2 {[%clk 0:01:17]} Re4
{[%clk 0:04:34]} 59. g3 {[%clk 0:01:04]} Rb4 {[%clk 0:04:37]} 60. Rc3
{[%clk 0:01:01]} Ke6 {[%clk 0:04:45]} 61. Rcd3 {[%clk 0:00:39]} Kd6
{[%clk 0:04:39]} 62. Ke1 {[%clk 0:00:40]} c4 {[%clk 0:02:39]} 63. bxc4
{[%clk 0:00:55]} Rxc4 {[%clk 0:03:00]} 64. Rb2 {[%clk 0:01:09]} Kc5
{[%clk 0:02:41]} 65. Rdb3 {[%clk 0:00:56]} Bxa4 {[%clk 0:00:48]} 66. Rxb6
{[%clk 0:01:16]} Bc6 {[%clk 0:00:35]} 67. Ra6 {[%clk 0:01:08]} a4
{[%clk 0:01:04]} 68. Kd2 {[%clk 0:01:02]} d4 {[%clk 0:00:44]} 69. exd4+
{[%clk 0:00:52]} Rxd4+ {[%clk 0:00:54]} 70. Kc3 {[%clk 0:00:47]} Rc4+
{[%clk 0:01:17]} 71. Kd2 {[%clk 0:00:59]} Rd4+ {[%clk 0:01:40]} 72. Kc3
{[%clk 0:00:49]} Rc4+ {[%clk 0:01:13]} 73. Kd2 {[%clk 0:01:12]} Rd4+
{[%clk 0:00:50]} 74. Kc3 {[%clk 0:00:43]} Rc4+ {[%clk 0:01:09]} 75. Kd2
{[%clk 0:01:00]} Rd4+ {[%clk 0:01:37]} 76. Kc3 {[%clk 0:00:37]} Rc4+
{[%clk 0:02:00]} 77. Kd2 {[%clk 0:00:37]} Rd4+ {[%clk 0:02:00]} 1/2-1/2

[Event "EYCC 2024 - G16"]
[Site "?"]
[Date "2024.08.31"]
[Round "9.4"]
[White "Jansone, Melanija Luize"]
[Black "Tsapaki, Asimenia"]
[Result "1/2-1/2"]
[BlackElo "1885"]
[WhiteElo "1755"]
[LiveChessVersion "1.4.8"]

1. e4 {[%clk 1:30:49]} c5 {[%clk 1:30:54]} 2. Nf3 {[%clk 1:30:46]} e6
{[%clk 1:31:20]} 3. g3 {[%clk 1:30:05]} Nc6 {[%clk 1:28:00]} 4. Bg2
{[%clk 1:27:53]} d5 {[%clk 1:21:50]} 5. exd5 {[%clk 1:22:45]} exd5
{[%clk 1:22:14]} 6. d4 {[%clk 1:20:58]} Nf6 {[%clk 1:17:30]} 7. O-O cxd4
{[%clk 1:15:22]} 8. Nxd4 {[%clk 1:19:53]} Be7 {[%clk 1:15:35]} 9. h3
{[%clk 1:12:27]} O-O {[%clk 1:14:52]} 10. Bf4 {[%clk 1:06:17]} Qb6
{[%clk 1:06:25]} 11. Nb3 {[%clk 1:04:30]} Bf5 {[%clk 1:06:13]} 12. c3
{[%clk 0:58:15]} Rad8 {[%clk 0:59:31]} 13. Be3 {[%clk 0:51:34]} Qc7
{[%clk 0:55:26]} 14. N1d2 {[%clk 0:42:37]} Rfe8 {[%clk 0:43:46]} 15. Nf3
{[%clk 0:33:15]} a6 {[%clk 0:32:03]} 16. Bf4 {[%clk 0:24:34]} Qc8
{[%clk 0:29:14]} 17. Kh2 {[%clk 0:22:49]} h6 {[%clk 0:19:10]} 18. Nfd4
{[%clk 0:16:13]} Bh7 {[%clk 0:18:31]} 19. Re1 {[%clk 0:14:15]} Ne4
{[%clk 0:18:10]} 20. Be3 {[%clk 0:12:06]} Bd6 {[%clk 0:14:45]} 21. Nd2
{[%clk 0:11:13]} Ne5 {[%clk 0:14:27]} 22. Nxe4 {[%clk 0:09:04]} dxe4
{[%clk 0:14:49]} 23. Re2 {[%clk 0:08:34]} Qc7 {[%clk 0:11:53]} 24. Qg1
{[%clk 0:06:45]} Nc4 {[%clk 0:09:42]} 25. Bf1 {[%clk 0:04:43]} h5
{[%clk 0:07:18]} 26. h4 {[%clk 0:03:55]} Nxe3 {[%clk 0:05:04]} 27. Rxe3
{[%clk 0:03:41]} Qe7 {[%clk 0:04:58]} 28. Kh1 {[%clk 0:02:40]} Bc5
{[%clk 0:04:44]} 29. Rd1 {[%clk 0:02:21]} Qf6 {[%clk 0:04:51]} 30. Be2
{[%clk 0:02:18]} Bg6 {[%clk 0:04:16]} 31. Kg2 {[%clk 0:02:05]} Bxd4
{[%clk 0:03:38]} 32. cxd4 Rxd4 {[%clk 0:04:04]} 33. Rxd4 {[%clk 0:02:09]} Qxd4
{[%clk 0:04:29]} 34. Qc1 {[%clk 0:02:18]} Rd8 {[%clk 0:04:13]} 35. a3
{[%clk 0:01:55]} Qb6 {[%clk 0:03:37]} 36. b3 {[%clk 0:01:36]} Qd6
{[%clk 0:03:18]} 37. b4 {[%clk 0:01:35]} Qd7 {[%clk 0:02:42]} 38. Qc5
{[%clk 0:01:38]} f5 {[%clk 0:01:49]} 39. Rc3 {[%clk 0:01:09]} Bf7
{[%clk 0:01:56]} 40. Bc4 {[%clk 0:01:14]} Bxc4 {[%clk 0:01:44]} 41. Qxc4+
{[%clk 0:01:28]} Kh7 {[%clk 0:01:34]} 42. Qe2 {[%clk 0:01:40]} g6
{[%clk 0:01:19]} 43. Qc2 {[%clk 0:01:58]} Qd5 {[%clk 0:01:29]} 44. Rc5
{[%clk 0:02:02]} Qd6 {[%clk 0:01:44]} 45. Qc3 {[%clk 0:01:36]} Kg8
{[%clk 0:00:41]} 46. Qe3 {[%clk 0:01:27]} Kh7 {[%clk 0:00:43]} 47. Qc3
{[%clk 0:01:48]} Rd7 {[%clk 0:00:42]} 48. Rc8 {[%clk 0:02:03]} Rg7
{[%clk 0:01:07]} 49. Rc5 {[%clk 0:02:06]} Qd1 {[%clk 0:01:00]} 50. Qe3
{[%clk 0:01:31]} Rd7 {[%clk 0:01:15]} 51. Qf4 {[%clk 0:01:12]} Qd3
{[%clk 0:00:40]} 52. Rc7 {[%clk 0:00:48]} Kg8 {[%clk 0:00:35]} 53. Rxd7
{[%clk 0:00:51]} Qxd7 {[%clk 0:00:59]} 54. Qe5 {[%clk 0:01:04]} Kf7
{[%clk 0:01:06]} 55. Qh8 Qc6 {[%clk 0:01:08]} 56. Qh7+ {[%clk 0:01:02]} Kf6
{[%clk 0:01:19]} 57. Qh8+ {[%clk 0:01:20]} Ke7 {[%clk 0:01:19]} 58. Qg7+
{[%clk 0:01:13]} Kd8 {[%clk 0:01:29]} 59. Qd4+ {[%clk 0:01:19]} Kc7
{[%clk 0:01:42]} 60. Qe3 {[%clk 0:00:48]} Qd6 {[%clk 0:01:32]} 61. Qc3+
{[%clk 0:01:02]} Qc6 {[%clk 0:01:29]} 62. Qe3 {[%clk 0:01:20]} Kb8
{[%clk 0:01:49]} 63. Kg1 {[%clk 0:00:50]} Ka8 {[%clk 0:02:01]} 64. Qd4
{[%clk 0:00:44]} Kb8 {[%clk 0:01:20]} 65. Qe3 {[%clk 0:00:55]} Qc2
{[%clk 0:01:05]} 66. Kg2 {[%clk 0:00:50]} Qd1 {[%clk 0:01:06]} 67. Qc3
{[%clk 0:00:58]} Qd6 {[%clk 0:01:08]} 68. Qe3 {[%clk 0:01:10]} Kc7
{[%clk 0:01:03]} 69. Qc3+ {[%clk 0:01:17]} Qc6 {[%clk 0:01:01]} 70. Qe3
{[%clk 0:01:39]} Qd5 {[%clk 0:00:45]} 71. Kg1 {[%clk 0:01:26]} Kc6
{[%clk 0:00:39]} 72. Qc3+ {[%clk 0:00:42]} Kb5 {[%clk 0:00:43]} 73. Qc2
{[%clk 0:00:51]} Qc4 {[%clk 0:00:44]} 74. Qd2 {[%clk 0:00:41]} Ka4
{[%clk 0:00:38]} 75. Qd7+ {[%clk 0:00:56]} Qc6 {[%clk 0:00:42]} 76. Qe7
{[%clk 0:00:57]} b5 {[%clk 0:00:40]} 77. Qc5 {[%clk 0:00:52]} Qd7 78. Qc2+
{[%clk 0:00:38]} Kxa3 {[%clk 0:01:01]} 79. Qc3+ {[%clk 0:00:52]} Ka4
{[%clk 0:01:14]} 80. Qa1+ {[%clk 0:01:02]} Kxb4 {[%clk 0:01:34]} 81. Qxa6
{[%clk 0:01:30]} Qd1+ {[%clk 0:01:44]} 82. Kg2 {[%clk 0:01:52]} Qf3+
{[%clk 0:01:58]} 83. Kg1 {[%clk 0:02:02]} e3 {[%clk 0:01:57]} 84. Qd6+
{[%clk 0:02:28]} Kc4 {[%clk 0:01:20]} 85. Qe6+ {[%clk 0:02:47]} Kc3
{[%clk 0:00:57]} 86. Qe5+ {[%clk 0:03:03]} Kc2 {[%clk 0:00:40]} 87. Qc5+
{[%clk 0:03:23]} Kd1 {[%clk 0:00:35]} 88. Qd4+ {[%clk 0:03:25]} Ke1
{[%clk 0:00:36]} 89. Qc3+ {[%clk 0:03:43]} Kd1 {[%clk 0:00:43]} 90. Qd3+
{[%clk 0:04:03]} Kc1 {[%clk 0:00:35]} 91. Qc3+ {[%clk 0:04:27]} Kd1
{[%clk 0:00:58]} 92. Qd3+ {[%clk 0:04:51]} Ke1 {[%clk 0:01:24]} 93. Qc3+
{[%clk 0:05:08]} Ke2 {[%clk 0:01:29]} 94. Qc2+ {[%clk 0:05:31]} Ke1
{[%clk 0:01:43]} 95. Qc3+ {[%clk 0:05:50]} Kd1 {[%clk 0:01:18]} 96. Qd3+
{[%clk 0:06:09]} Kc1 {[%clk 0:01:21]} 97. Qc3+ {[%clk 0:06:35]} Kb1
{[%clk 0:01:28]} 98. Qb3+ {[%clk 0:07:00]} Kc1 {[%clk 0:01:51]} 99. Qc3+
{[%clk 0:07:26]} 1/2-1/2

[Event "EYCC 2024 - G16"]
[Site "?"]
[Date "2024.08.31"]
[Round "9.5"]
[White "Balazs, Sztella Anna"]
[Black "Omeri, Eklea"]
[Result "0-1"]
[BlackElo "1962"]
[WhiteElo "1879"]
[LiveChessVersion "1.4.8"]

1. e4 {[%clk 1:30:58]} c6 {[%clk 1:30:55]} 2. d4 {[%clk 1:31:25]} d5
{[%clk 1:31:23]} 3. e5 {[%clk 1:31:50]} Bf5 {[%clk 1:31:49]} 4. Nf3
{[%clk 1:32:15]} e6 {[%clk 1:32:07]} 5. Be2 {[%clk 1:32:40]} Nd7 {[%clk 1:32:20]}
6. O-O {[%clk 1:33:01]} h6 {[%clk 1:32:25]} 7. c3 {[%clk 1:33:25]} c5
{[%clk 1:32:43]} 8. Re1 {[%clk 1:32:17]} Rc8 {[%clk 1:32:34]} 9. Nbd2
{[%clk 1:32:26]} cxd4 {[%clk 1:31:38]} 10. cxd4 {[%clk 1:32:50]} Bc2
{[%clk 1:31:52]} 0-1

[Event "EYCC 2024 - G16"]
[Site "?"]
[Date "2024.08.31"]
[Round "9.6"]
[White "Haug, Mara"]
[Black "Kotliar, Anfisa"]
[Result "1-0"]
[BlackElo "1724"]
[WhiteElo "1958"]
[LiveChessVersion "1.4.8"]

1. e4 {[%clk 1:30:55]} d6 {[%clk 1:30:54]} 2. d4 {[%clk 1:31:19]} Nf6
{[%clk 1:31:16]} 3. Nc3 {[%clk 1:31:44]} g6 {[%clk 1:31:35]} 4. f4
{[%clk 1:32:06]} Bg7 {[%clk 1:31:37]} 5. Nf3 {[%clk 1:31:55]} c5 {[%clk 1:31:02]}
6. Bb5+ {[%clk 1:32:14]} Nfd7 {[%clk 1:23:28]} 7. Be3 {[%clk 1:18:08]} Qa5
{[%clk 1:17:25]} 8. O-O {[%clk 1:14:39]} a6 {[%clk 1:12:01]} 9. Be2
{[%clk 1:10:44]} O-O {[%clk 1:08:53]} 10. Qd2 {[%clk 1:05:19]} Nc6
{[%clk 0:46:52]} 11. d5 {[%clk 1:01:15]} Nd8 {[%clk 0:42:00]} 12. a3
{[%clk 0:53:07]} b5 {[%clk 0:33:27]} 13. Qd3 {[%clk 0:42:07]} c4 {[%clk 0:28:16]}
14. Qd2 {[%clk 0:42:11]} Nb7 {[%clk 0:25:20]} 15. Bd4 {[%clk 0:39:31]} Bxd4+
{[%clk 0:21:51]} 16. Nxd4 {[%clk 0:39:05]} Qb6 {[%clk 0:21:00]} 17. Kh1
{[%clk 0:38:53]} Nbc5 {[%clk 0:20:06]} 18. Rf3 {[%clk 0:30:19]} e5
{[%clk 0:06:56]} 19. Nc6 {[%clk 0:23:19]} Re8 {[%clk 0:01:26]} 20. f5
{[%clk 0:20:40]} Nf8 {[%clk 0:00:37]} 21. f6 {[%clk 0:20:43]} Nfd7
{[%clk 0:00:40]} 22. Qh6 {[%clk 0:20:36]} Nxf6 {[%clk 0:00:42]} 23. Rxf6
{[%clk 0:21:02]} Nd7 {[%clk 0:00:34]} 24. Rf3 {[%clk 0:20:39]} Nf8
{[%clk 0:00:36]} 25. Raf1 {[%clk 0:20:41]} Qc7 {[%clk 0:00:55]} 26. Qg5
{[%clk 0:19:01]} Bb7 {[%clk 0:00:46]} 27. Qh6 {[%clk 0:16:46]} Bxc6
{[%clk 0:01:04]} 28. dxc6 {[%clk 0:17:13]} f5 {[%clk 0:00:51]} 29. exf5
{[%clk 0:16:36]} e4 {[%clk 0:00:55]} 30. Rh3 {[%clk 0:16:00]} Ra7
{[%clk 0:01:01]} 31. fxg6 {[%clk 0:15:57]} Nxg6 {[%clk 0:01:24]} 32. Nd5
{[%clk 0:16:06]} Rf8 {[%clk 0:01:21]} 33. Rxf8+ {[%clk 0:15:57]} 1-0

[Event "EYCC 2024 - G16"]
[Site "?"]
[Date "2024.08.31"]
[Round "9.7"]
[White "Seemann, Pola"]
[Black "Jankovic, Tamara"]
[Result "1-0"]
[BlackElo "1877"]
[WhiteElo "1914"]
[LiveChessVersion "1.4.8"]

1. e4 {[%clk 1:30:57]} c5 {[%clk 1:30:56]} 2. Nc3 {[%clk 1:31:22]} Nc6
{[%clk 1:31:21]} 3. Bb5 {[%clk 1:31:47]} Nd4 {[%clk 1:31:44]} 4. Nf3
{[%clk 1:32:10]} Nxb5 {[%clk 1:31:50]} 5. Nxb5 {[%clk 1:32:32]} a6
{[%clk 1:31:11]} 6. Nc3 {[%clk 1:32:54]} d6 {[%clk 1:31:05]} 7. d4
{[%clk 1:32:55]} cxd4 {[%clk 1:30:37]} 8. Qxd4 {[%clk 1:33:16]} Nf6
{[%clk 1:26:35]} 9. Bg5 {[%clk 1:29:59]} h6 {[%clk 1:25:56]} 10. Bxf6
{[%clk 1:29:00]} gxf6 {[%clk 1:26:24]} 11. Nd5 {[%clk 1:28:42]} Bg4
{[%clk 1:23:07]} 12. h3 {[%clk 1:26:54]} Bxf3 {[%clk 1:21:32]} 13. Nb6
{[%clk 1:23:43]} Bxe4 {[%clk 1:16:48]} 14. Nxa8 {[%clk 1:23:54]} Bxg2
{[%clk 1:15:27]} 15. Rg1 {[%clk 1:21:52]} Bc6 {[%clk 0:59:17]} 16. Nb6
{[%clk 1:18:19]} e5 {[%clk 0:59:26]} 17. Qe3 {[%clk 1:15:20]} d5 {[%clk 0:59:47]}
18. O-O-O {[%clk 1:14:07]} d4 {[%clk 0:55:54]} 19. Qb3 {[%clk 1:13:24]} Bc5
{[%clk 0:55:58]} 20. Na4 {[%clk 1:12:59]} Bd5 {[%clk 0:48:42]} 21. c4
{[%clk 1:11:40]} Ba7 {[%clk 0:41:49]} 22. cxd5 {[%clk 1:10:53]} b5
{[%clk 0:42:16]} 23. Nc3 {[%clk 1:09:07]} dxc3 {[%clk 0:42:39]} 24. Qxc3
{[%clk 1:09:02]} Bd4 {[%clk 0:29:44]} 25. Qc6+ {[%clk 1:07:37]} Qd7
{[%clk 0:18:22]} 26. Qxf6 {[%clk 1:06:02]} Rf8 {[%clk 0:18:51]} 27. Rxd4
{[%clk 1:05:47]} Qc8+ {[%clk 0:18:05]} 28. Kb1 {[%clk 1:06:08]} exd4
{[%clk 0:18:29]} 29. Re1+ {[%clk 1:06:32]} 1-0

[Event "EYCC 2024 - G16"]
[Site "?"]
[Date "2024.08.31"]
[Round "9.8"]
[White "Zapalowska, Wiktoria"]
[Black "Vujatovic, Irina"]
[Result "1-0"]
[BlackElo "1913"]
[WhiteElo "1733"]
[LiveChessVersion "1.4.8"]

1. e4 {[%clk 1:30:59]} c5 {[%clk 1:30:54]} 2. Nf3 {[%clk 1:31:21]} d6
{[%clk 1:31:20]} 3. Bb5+ {[%clk 1:31:43]} Bd7 {[%clk 1:31:44]} 4. Bxd7+
{[%clk 1:32:06]} Nxd7 {[%clk 1:32:07]} 5. O-O {[%clk 1:32:26]} Ngf6
{[%clk 1:32:34]} 6. Qe2 {[%clk 1:32:31]} e6 {[%clk 1:32:57]} 7. d4
{[%clk 1:32:38]} Be7 {[%clk 1:31:59]} 8. c4 {[%clk 1:32:14]} O-O {[%clk 1:31:45]}
9. Nc3 {[%clk 1:31:36]} cxd4 {[%clk 1:30:53]} 10. Nxd4 {[%clk 1:31:58]} a6
{[%clk 1:31:13]} 11. b3 {[%clk 1:31:30]} Re8 {[%clk 1:30:32]} 12. Bb2
{[%clk 1:30:45]} Rc8 {[%clk 1:28:55]} 13. Rad1 {[%clk 1:24:47]} Qa5
{[%clk 1:29:02]} 14. Rd3 {[%clk 1:13:57]} Bf8 {[%clk 1:25:36]} 15. Re3
{[%clk 1:08:16]} h5 16. h3 {[%clk 1:05:00]} Nb6 {[%clk 1:14:15]} 17. Kh1
{[%clk 0:58:01]} d5 {[%clk 1:06:36]} 18. e5 {[%clk 0:54:40]} Nh7 {[%clk 1:04:04]}
19. cxd5 {[%clk 0:53:37]} Nxd5 {[%clk 1:04:05]} 20. Nxd5 {[%clk 0:53:55]} Qxd5
{[%clk 1:04:13]} 21. Qxh5 {[%clk 0:42:07]} Qa5 {[%clk 0:58:26]} 22. Re4
{[%clk 0:37:28]} g6 {[%clk 0:55:52]} 23. Qe2 {[%clk 0:35:05]} Bg7
{[%clk 0:52:15]} 24. f4 {[%clk 0:34:06]} Nf8 {[%clk 0:52:21]} 25. g4
{[%clk 0:28:43]} Nd7 {[%clk 0:52:20]} 26. a3 {[%clk 0:25:01]} Qd5
{[%clk 0:52:07]} 27. Kh2 {[%clk 0:19:51]} Nc5 {[%clk 0:50:16]} 28. Re3
{[%clk 0:20:03]} b5 {[%clk 0:50:32]} 29. Qf3 {[%clk 0:18:48]} g5 {[%clk 0:49:13]}
30. fxg5 {[%clk 0:18:37]} Bxe5+ {[%clk 0:49:25]} 31. Kh1 {[%clk 0:17:03]} Bxd4
{[%clk 0:49:01]} 32. Bxd4 {[%clk 0:17:24]} Red8 {[%clk 0:48:10]} 33. Bf6
{[%clk 0:10:13]} Qxf3+ 34. Rexf3 {[%clk 0:10:34]} Ne4 {[%clk 0:42:12]} 35. Bxd8
{[%clk 0:09:52]} Rxd8 {[%clk 0:41:32]} 36. Rxf7 {[%clk 0:09:41]} Ng3+
{[%clk 0:41:52]} 37. Kg2 {[%clk 0:09:58]} Nxf1 {[%clk 0:42:12]} 38. Rxf1
{[%clk 0:10:26]} Rd2+ {[%clk 0:41:34]} 39. Rf2 {[%clk 0:10:31]} Rd3
{[%clk 0:41:57]} 40. Rf3 {[%clk 0:10:46]} Rd2+ {[%clk 0:42:10]} 41. Kg3
{[%clk 0:11:00]} Ra2 {[%clk 0:42:07]} 42. b4 {[%clk 0:11:19]} e5 {[%clk 0:42:16]}
43. h4 {[%clk 0:10:27]} Ra1 {[%clk 0:40:20]} 44. h5 {[%clk 0:10:03]} Rg1+
{[%clk 0:39:30]} 45. Kh4 {[%clk 0:09:30]} Rh1+ {[%clk 0:38:56]} 46. Rh3
{[%clk 0:09:36]} Re1 {[%clk 0:37:22]} 47. g6 {[%clk 0:09:45]} e4 {[%clk 0:36:24]}
48. Kg5 {[%clk 0:10:02]} e3 {[%clk 0:36:31]} 49. h6 {[%clk 0:10:27]} e2
{[%clk 0:36:20]} 50. h7+ {[%clk 0:10:51]} 1-0